Návrh zlepšenia personálnej práce : Diplomová práca

Enregistré dans:
Détails bibliographiques
Auteur principal: Matúšová, Katarína (Auteur)
Autres auteurs: Holková, Andrea (xxx)
Format: Manuscrit Livre
Langue:slovaque
Publié: Trnava : STU v Bratislave MtF KMK, 2000
Sujets:
Tags: Ajouter un tag
Pas de tags, Soyez le premier à ajouter un tag!

MARC

LEADER 00000ntm a22000003a 4500
001 stu79604
005 20160719154938.7
008 030310s2000----xo------------------slo-d
040 |a STU  |b slo 
041 0 |a slo 
044 |a xo 
100 1 |a Matúšová, Katarína  |4 aut 
245 1 |a Návrh zlepšenia personálnej práce :  |b Diplomová práca 
260 |a Trnava :  |b STU v Bratislave MtF KMK,  |c 2000 
300 |a 70 s  |c abstr. 
650 7 |a personálna práca  |2 stusub 
650 7 |a manažment priemyselných podnikov  |2 stusub 
700 1 |a Holková, Andrea  |4 xxx  |u M4000  |U MTF Materiálovotechnologická fakulta  |T MTF Ústav priemyselného inžinierstva a manažmentu  |U M4000  |Y 84